| 000 | 00737nam a22002417a 4500 | ||
|---|---|---|---|
| 003 | UA-OsUOA | ||
| 001 | 51833 | ||
| 007 | ta | ||
| 008 | 20141029b un ||||| |||| 00| 0 ukr d | ||
| 100 | _aФедака П. | ||
| 090 |
_a061 _bФ32 |
||
| 942 | _cBR | ||
| 040 |
_aUA-OsUOA _bukr _cUA-OsUOA _dUA-OsUOA |
||
| 245 | _aНарис історії товариства "Просвіта" Карпатської Русі-України (1920-1939) | ||
| 300 | _a50 с. | ||
| 955 | _a1 | ||
| 041 | _aukr | ||
| 080 | _a061 | ||
| 260 |
_aУжгород _c1991 |
||
| 650 | 7 |
_a0 Загальний відділ. _2UDC |
|
| 999 |
_c431959 _d431959 |
||